000 02091nam a2200265 i 4500
005 20250626211118.0
007 ta
008 200622s2025 000 0 eng d
040 _aCO-CtgCURN
_bspa
_ccoctgcurn
_erda
082 0 _aCOP 2025
_bC764
100 1 _aContreras Rocha, Belsy Yaneth ,
_eauthor.
_4aut
245 1 0 _aResponsabilidad social empresarial del contador público en las pymes de Cartagena /
_cBelsy Yaneth Contreras Rocha; Asesor:Jorquis Machado.
260 _aCartagena de Indias :
_bCorporación Universitaria Rafael Núñez,
_c2025.
300 _a18 hojas.
336 _atext
_btxt
_2rdacontent
337 _aunmediated
_bn
_2rdamedia
338 _avolume
_bnc
_2rdacarrier
502 _aTrabajo de grado (Contador público). Corporación Universitaria Rafael Núñez. Facultad de Ciencias Administrativas y Contables. Programa de Contaduría Pública, 2025.
520 8 _a"En este trabajo se realizará una revision documental de la responsabilidad social empresarial (RSE) el cual es un concepto que ha adquirido una creciente importancia en el mundo de los negocios, y el rol que desempeña el contador publico de los procesos contables en las organizaciones así mismo puede impactar dentro de si mismo. pues implica que las empresas no solo deben preocuparse por maximizar sus ganancias, sino también por su impacto social, económico y ambiental. En este contexto, el contador público juega un papel crucial en las pequeñas y medianas empresas (pymes) de Colombia, pues su conocimiento técnico y ético le permite orientar a las organizaciones en la adopción de prácticas responsables y sostenibles que van más allá de la simple rentabilidad."
650 0 _aContaduría pública
_xTesis y disertaciones académicas.
700 1 _aMachado, Jorquis,
_easesor.
856 7 _uhttps://unicurn.sharepoint.com/:b:/s/biblioteca/EU4s40JyyPdBn3toSEthK9EBA-Mot69NjcEnYqMknDXZQA?e=VrXxxw
_zClick para ver el recurso en texto completo
942 _2ddc
_aMHC
_bMHC
_cTG
_hCOP 2025
_iC764
999 _c49063
_d49063